The observatory (Record no. 35915)

MARC details
000 -LEADER
fixed length control field 00439nam a22001697a 4500
003 - CONTROL NUMBER IDENTIFIER
control field IN-BaIIA
005 - DATE AND TIME OF LATEST TRANSACTION
control field 20220411145354.0
008 - FIXED-LENGTH DATA ELEMENTS--GENERAL INFORMATION
fixed length control field 220411b ||||| |||| 00| 0 eng d
022 ## - INTERNATIONAL STANDARD SERIAL NUMBER
International Standard Serial Number 0029-7704
040 ## - CATALOGING SOURCE
Transcribing agency IIA Library
245 ## - TITLE STATEMENT
Title The observatory
Medium [Print-Journal]
260 ## - PUBLICATION, DISTRIBUTION, ETC.
Place of publication, distribution, etc. London
Name of publisher, distributor, etc. The Editors of "The Observatory"
310 ## - CURRENT PUBLICATION FREQUENCY
Current publication frequency 6/Year
362 ## - DATES OF PUBLICATION AND/OR SEQUENTIAL DESIGNATION
Dates of publication and/or sequential designation 2005-Current
521 ## - TARGET AUDIENCE NOTE
Target audience note Subscribed through IIA Library
942 ## - ADDED ENTRY ELEMENTS (KOHA)
Koha item type Journals (Bound Volume)
Serial record flag 1
Holdings
Withdrawn status Lost status Damaged status Not for loan Home library Current library Date acquired Total Checkouts Date last seen Price effective from Koha item type
        IIA Library-Bangalore IIA Library-Bangalore 11/04/2022   11/04/2022 11/04/2022 Journals (Bound Volume)

Powered by Koha